[Event "Blitz Open"]
[Site "?"]
[Date "2018.08.03"]
[Round "5.12"]
[White "Khoroshev, Nikita"]
[Black "Sethuraman, S.P."]
[Result "0-1"]
[BlackElo "2489"]
[WhiteElo "2351"]
[LiveChessVersion "1.4.8"]

1. d4 {[%clk 0:03:03]} d6 {[%clk 0:03:03]} 2. Nc3 Nf6 3. e4 g6 4. f4
{[%clk 0:03:06]} Bg7 5. Nf3 c5 {[%clk 0:03:07]} 6. dxc5 {[%clk 0:03:07]} Qa5
{[%clk 0:03:07]} 7. Bd3 {[%clk 0:03:03]} Qxc5 8. Qe2 O-O 9. Be3 Qa5
{[%clk 0:03:05]} 10. O-O {[%clk 0:03:04]} Nc6 {[%clk 0:03:06]} 11. h3
{[%clk 0:03:04]} Bd7 12. a3 a6 {[%clk 0:02:57]} 13. Qf2 {[%clk 0:02:56]} Qc7
{[%clk 0:02:48]} 14. g4 b5 15. g5 {[%clk 0:02:42]} Nh5 16. Nd5 Qb7
{[%clk 0:02:42]} 17. f5 {[%clk 0:02:35]} e6 {[%clk 0:02:28]} 18. Nb6
{[%clk 0:02:24]} exf5 {[%clk 0:02:28]} 19. exf5 {[%clk 0:02:20]} Bxb2
{[%clk 0:02:17]} 20. Ra2 {[%clk 0:02:14]} Be5 21. Nxa8 Qxa8 {[%clk 0:02:09]} 22.
Qg2 {[%clk 0:02:00]} Ng3 23. Re1 Nxf5 {[%clk 0:02:06]} 24. Bf2 {[%clk 0:01:59]}
Be6 {[%clk 0:02:05]} 25. c4 {[%clk 0:01:56]} bxc4 26. Be4 Qc8 {[%clk 0:01:28]}
27. Nh2 {[%clk 0:01:35]} Ncd4 28. Ng4 c3 29. Raa1 Nb3 {[%clk 0:01:18]} 30. Ra2
{[%clk 0:01:37]} Nd2 {[%clk 0:01:17]} 31. Bxf5 {[%clk 0:01:28]} gxf5
{[%clk 0:01:10]} 32. Nf6+ {[%clk 0:01:29]} Kh8 {[%clk 0:01:11]} 33. Rc2
{[%clk 0:01:23]} Bxf6 {[%clk 0:01:11]} 34. gxf6 {[%clk 0:00:39]} Rg8 35. Bg3 f4
{[%clk 0:01:14]} 36. Qxd2 {[%clk 0:00:42]} cxd2 {[%clk 0:01:11]} 0-1

[Event "Blitz Open"]
[Site "?"]
[Date "2018.08.03"]
[Round "5.13"]
[White "Jumabayev, Rinat"]
[Black "Hossain, Enamul"]
[Result "1-0"]
[BlackElo "2358"]
[WhiteElo "2528"]
[LiveChessVersion "1.4.8"]

1. d4 {[%clk 0:03:03]} d5 {[%clk 0:03:03]} 2. Bf4 {[%clk 0:03:04]} Nf6
{[%clk 0:03:03]} 3. e3 {[%clk 0:03:04]} e6 {[%clk 0:03:04]} 4. Nd2
{[%clk 0:02:49]} Bd6 {[%clk 0:03:03]} 5. Bg3 {[%clk 0:02:50]} O-O
{[%clk 0:03:02]} 6. Bd3 {[%clk 0:02:48]} b6 {[%clk 0:02:59]} 7. Qe2
{[%clk 0:02:42]} c5 {[%clk 0:02:51]} 8. c3 {[%clk 0:02:43]} Bb7 {[%clk 0:02:51]}
9. Ngf3 {[%clk 0:02:15]} Nc6 {[%clk 0:02:51]} 10. Rd1 {[%clk 0:02:16]} Re8
{[%clk 0:02:10]} 11. e4 {[%clk 0:02:14]} Be7 {[%clk 0:02:08]} 12. e5
{[%clk 0:02:15]} Nh5 {[%clk 0:02:08]} 13. a3 {[%clk 0:02:16]} a5 {[%clk 0:02:07]}
14. Nf1 {[%clk 0:02:10]} Qc8 {[%clk 0:01:49]} 15. Ng5 {[%clk 0:01:55]} Bxg5
{[%clk 0:01:35]} 16. Qxh5 {[%clk 0:01:55]} h6 {[%clk 0:01:36]} 17. h4
{[%clk 0:01:35]} Be7 {[%clk 0:01:13]} 18. Bf4 {[%clk 0:01:36]} Bf8
{[%clk 0:01:14]} 19. Rh3 {[%clk 0:01:37]} Ne7 {[%clk 0:00:41]} 20. Bxh6
{[%clk 0:01:07]} Nf5 {[%clk 0:00:30]} 21. Bxf5 {[%clk 0:00:15]} exf5
{[%clk 0:00:31]} 22. Rg3 {[%clk 0:00:16]} Qe6 {[%clk 0:00:32]} 23. Bf4
{[%clk 0:00:13]} cxd4 {[%clk 0:00:24]} 24. cxd4 {[%clk 0:00:13]} Rac8
{[%clk 0:00:25]} 25. Ne3 {[%clk 0:00:14]} g6 {[%clk 0:00:24]} 26. Qxf5
{[%clk 0:00:07]} Qxf5 27. Nxf5 {[%clk 0:00:08]} Rc2 {[%clk 0:00:22]} 28. h5
{[%clk 0:00:07]} Ba6 {[%clk 0:00:20]} 29. Bd2 {[%clk 0:00:08]} Kh7
{[%clk 0:00:20]} 30. hxg6+ {[%clk 0:00:08]} fxg6 {[%clk 0:00:21]} 31. Ne3
{[%clk 0:00:05]} Rxb2 {[%clk 0:00:22]} 32. Nxd5 {[%clk 0:00:06]} Rc8
{[%clk 0:00:17]} 33. Nf6+ {[%clk 0:00:04]} Kg7 {[%clk 0:00:18]} 34. Rc1
{[%clk 0:00:05]} Rxc1+ 35. Bxc1 {[%clk 0:00:06]} Rc2 {[%clk 0:00:14]} 36. Kd1
{[%clk 0:00:07]} Rxf2 {[%clk 0:00:15]} 37. Rh3 {[%clk 0:00:09]} Kf7
{[%clk 0:00:13]} 38. d5 {[%clk 0:00:10]} Rxg2 {[%clk 0:00:11]} 39. Rh7+
{[%clk 0:00:10]} Bg7 {[%clk 0:00:12]} 40. Bh6 {[%clk 0:00:12]} Rg1+
{[%clk 0:03:02]} 1-0

[Event "Blitz Open"]
[Site "?"]
[Date "2018.08.03"]
[Round "5.14"]
[White "Islam, Kh. Aminul"]
[Black "Kazhgaleyev, Murtas"]
[Result "0-1"]
[BlackElo "2583"]
[WhiteElo "2352"]
[LiveChessVersion "1.4.8"]

1. d4 Nf6 {[%clk 0:03:02]} 2. Bf4 {[%clk 0:03:02]} g6 {[%clk 0:02:59]} 3. e3
{[%clk 0:03:02]} Bg7 {[%clk 0:03:00]} 4. Nc3 {[%clk 0:03:02]} d5 {[%clk 0:02:54]}
5. h4 {[%clk 0:03:02]} c6 {[%clk 0:02:52]} 6. Be2 {[%clk 0:02:52]} Qb6
{[%clk 0:02:38]} 7. Rb1 {[%clk 0:02:38]} h5 {[%clk 0:02:35]} 8. Nf3
{[%clk 0:02:38]} Bf5 {[%clk 0:02:30]} 9. Ne5 {[%clk 0:02:29]} Nbd7
{[%clk 0:02:28]} 10. Qd2 {[%clk 0:02:22]} Nxe5 {[%clk 0:02:09]} 11. Bxe5
{[%clk 0:02:23]} O-O {[%clk 0:02:08]} 12. f3 {[%clk 0:02:19]} Nd7
{[%clk 0:01:51]} 13. Bxg7 {[%clk 0:02:19]} Kxg7 {[%clk 0:01:52]} 14. g4
{[%clk 0:02:00]} hxg4 {[%clk 0:01:53]} 15. fxg4 {[%clk 0:02:02]} Be6
{[%clk 0:01:55]} 16. Bf3 {[%clk 0:01:46]} Qc7 {[%clk 0:01:51]} 17. Kf2
{[%clk 0:01:43]} Rh8 {[%clk 0:01:49]} 18. h5 {[%clk 0:01:42]} Nf6
{[%clk 0:01:44]} 19. Rbg1 {[%clk 0:01:33]} Rh7 {[%clk 0:01:35]} 20. h6+
{[%clk 0:01:30]} Kf8 {[%clk 0:01:28]} 21. g5 {[%clk 0:01:31]} Ng8
{[%clk 0:01:27]} 22. e4 {[%clk 0:01:25]} dxe4 {[%clk 0:01:24]} 23. Bxe4
{[%clk 0:01:18]} Rd8 {[%clk 0:01:23]} 24. Qe3 {[%clk 0:01:19]} Qb6
{[%clk 0:01:22]} 25. Rd1 {[%clk 0:01:05]} Bd5 {[%clk 0:01:14]} 26. Bxd5
{[%clk 0:00:51]} cxd5 {[%clk 0:01:15]} 27. Na4 {[%clk 0:00:46]} Qc6
{[%clk 0:01:11]} 28. Qb3 {[%clk 0:00:30]} f6 {[%clk 0:01:08]} 29. Rde1
{[%clk 0:00:25]} fxg5 {[%clk 0:00:55]} 30. Nc5 {[%clk 0:00:26]} Rd6
{[%clk 0:00:56]} 31. Nxb7 {[%clk 0:00:12]} Rf6+ {[%clk 0:00:55]} 32. Ke2
{[%clk 0:00:09]} Rxh6 {[%clk 0:00:52]} 33. Kd1 {[%clk 0:00:10]} Rxh1
{[%clk 0:00:44]} 34. Rxh1 {[%clk 0:00:12]} Qc8 {[%clk 0:00:36]} 35. Nc5
{[%clk 0:00:10]} Qg4+ {[%clk 0:00:35]} 36. Kc1 {[%clk 0:00:11]} Qf4+
{[%clk 0:00:34]} 37. Kd1 {[%clk 0:00:07]} Qxd4+ {[%clk 0:00:34]} 38. Nd3
{[%clk 0:00:08]} Kg7 {[%clk 0:00:29]} 39. Re1 {[%clk 0:00:09]} Qb6
{[%clk 0:00:21]} 40. Qxd5 {[%clk 0:00:08]} g4 {[%clk 0:00:16]} 41. Kc1
{[%clk 0:00:07]} Qd6 {[%clk 0:00:14]} 42. Qe4 {[%clk 0:00:07]} g3
{[%clk 0:00:13]} 43. Rg1 {[%clk 0:00:05]} Nh6 {[%clk 0:00:12]} 44. Qe3
{[%clk 0:00:03]} Nf5 {[%clk 0:00:13]} 45. Qe5 {[%clk 0:00:05]} Qxe5
{[%clk 0:00:13]} 46. Nxe5 {[%clk 0:00:06]} Re6 {[%clk 0:00:11]} 47. Nd3
{[%clk 0:00:06]} g5 {[%clk 0:00:11]} 48. Kd2 {[%clk 0:00:07]} Kf6
{[%clk 0:00:10]} 49. c3 {[%clk 0:00:08]} Re4 {[%clk 0:00:08]} 50. b4
{[%clk 0:00:09]} g4 {[%clk 0:00:09]} 51. a4 {[%clk 0:00:10]} Kg5 {[%clk 0:00:09]}
52. a5 {[%clk 0:00:10]} Nd6 {[%clk 0:00:05]} 53. Kc2 {[%clk 0:00:12]} g2
{[%clk 0:00:11]} 0-1

[Event "Blitz Open"]
[Site "?"]
[Date "2018.08.03"]
[Round "5.15"]
[White "Ismagambetov, Anuar"]
[Black "Mohammad, Minhaz Uddin"]
[Result "1/2-1/2"]
[BlackElo "2380"]
[WhiteElo "2505"]
[LiveChessVersion "1.4.8"]

1. e4 {[%clk 0:03:02]} e5 {[%clk 0:03:03]} 2. Nf3 {[%clk 0:03:04]} Nf6
{[%clk 0:03:05]} 3. Nxe5 {[%clk 0:03:04]} d6 {[%clk 0:03:06]} 4. Nf3
{[%clk 0:03:04]} Nxe4 {[%clk 0:03:06]} 5. Bd3 {[%clk 0:03:04]} Nf6
{[%clk 0:03:05]} 6. O-O {[%clk 0:03:05]} Be7 {[%clk 0:03:06]} 7. Re1
{[%clk 0:03:06]} O-O 8. Bf1 d5 {[%clk 0:03:05]} 9. d4 {[%clk 0:03:08]} Bg4
{[%clk 0:03:03]} 10. h3 {[%clk 0:03:04]} Bh5 {[%clk 0:03:04]} 11. c4
{[%clk 0:03:06]} Nc6 12. Be3 {[%clk 0:02:46]} dxc4 {[%clk 0:02:27]} 13. Bxc4
{[%clk 0:02:20]} Bxf3 {[%clk 0:02:10]} 14. gxf3 Nb4 15. Nc3 {[%clk 0:02:18]} c6
{[%clk 0:02:12]} 16. Qb3 {[%clk 0:02:11]} b5 {[%clk 0:02:03]} 17. Bf1
{[%clk 0:02:12]} a6 18. Rac1 {[%clk 0:02:03]} Nbd5 {[%clk 0:01:45]} 19. Nxd5
{[%clk 0:02:00]} cxd5 {[%clk 0:01:43]} 20. Qa4 {[%clk 0:01:55]} Nh5
{[%clk 0:01:33]} 21. Qxb5 {[%clk 0:01:46]} axb5 {[%clk 0:01:16]} 22. Bd2
{[%clk 0:01:41]} 1/2-1/2

[Event "Blitz Open"]
[Site "?"]
[Date "2018.08.03"]
[Round "5.16"]
[White "Mohammad Fahad, Rahman"]
[Black "Makhnev, Denis"]
[Result "0-1"]
[BlackElo "2492"]
[WhiteElo "2210"]
[LiveChessVersion "1.4.8"]

1. e4 {[%clk 0:03:03]} e5 {[%clk 0:03:03]} 2. Nf3 {[%clk 0:03:05]} Nc6
{[%clk 0:03:03]} 3. Bb5 {[%clk 0:03:06]} g6 {[%clk 0:03:03]} 4. O-O
{[%clk 0:03:06]} Bg7 5. c3 Nge7 {[%clk 0:03:04]} 6. d4 {[%clk 0:03:08]} a6 7. Ba4
exd4 8. cxd4 b5 {[%clk 0:03:04]} 9. Bc2 {[%clk 0:03:09]} O-O {[%clk 0:03:03]} 10.
a3 {[%clk 0:02:59]} d6 {[%clk 0:03:02]} 11. Nc3 {[%clk 0:02:59]} Bg4
{[%clk 0:03:02]} 12. Be3 {[%clk 0:02:59]} Bxf3 13. gxf3 {[%clk 0:03:00]} f5
{[%clk 0:02:53]} 14. Kh1 {[%clk 0:02:56]} f4 {[%clk 0:02:52]} 15. d5
{[%clk 0:02:54]} fxe3 {[%clk 0:02:48]} 16. dxc6 {[%clk 0:02:55]} exf2
{[%clk 0:02:49]} 17. Rxf2 {[%clk 0:02:57]} Kh8 {[%clk 0:02:49]} 18. Bb3
{[%clk 0:02:49]} Rb8 {[%clk 0:02:33]} 19. Bd5 {[%clk 0:02:46]} Rb6
{[%clk 0:02:34]} 20. a4 {[%clk 0:02:45]} Nxc6 {[%clk 0:02:17]} 21. axb5
{[%clk 0:02:46]} axb5 {[%clk 0:02:18]} 22. Nxb5 {[%clk 0:02:35]} Qh4
{[%clk 0:02:17]} 23. Qf1 {[%clk 0:02:07]} Ne5 {[%clk 0:02:05]} 24. Nxc7
{[%clk 0:02:00]} Ng4 {[%clk 0:02:03]} 25. fxg4 {[%clk 0:02:00]} Qxf2
{[%clk 0:02:03]} 26. Qxf2 {[%clk 0:01:50]} Rxf2 {[%clk 0:02:04]} 27. Ne6
{[%clk 0:01:51]} Rb8 {[%clk 0:02:05]} 28. Ng5 {[%clk 0:01:35]} Be5
{[%clk 0:01:43]} 29. Nf7+ {[%clk 0:01:35]} Kg7 {[%clk 0:01:45]} 30. Nxe5
{[%clk 0:01:10]} dxe5 {[%clk 0:01:45]} 31. b3 {[%clk 0:01:12]} Rc8
{[%clk 0:01:36]} 32. Bc4 {[%clk 0:01:01]} Rf4 {[%clk 0:01:29]} 33. Ra7+
{[%clk 0:00:55]} Kh8 {[%clk 0:01:29]} 34. h3 {[%clk 0:00:11]} Rxe4
{[%clk 0:01:29]} 35. Kg2 {[%clk 0:00:13]} Re8 {[%clk 0:01:16]} 36. g5
{[%clk 0:00:10]} Rf4 {[%clk 0:01:11]} 37. Bf7 {[%clk 0:00:07]} Rd8
{[%clk 0:01:09]} 38. Be6 {[%clk 0:03:02]} 0-1

[Event "Blitz Open"]
[Site "?"]
[Date "2018.08.03"]
[Round "6.1"]
[White "Ghaem Maghami, Ehsan"]
[Black "Maghsoodloo, Parham"]
[Result "0-1"]
[BlackElo "2650"]
[WhiteElo "2593"]
[LiveChessVersion "1.4.8"]

1. e4 {[%clk 0:03:03]} Nf6 {[%clk 0:03:04]} 2. e5 {[%clk 0:03:04]} Nd5
{[%clk 0:03:05]} 3. d4 d6 4. Nf3 {[%clk 0:03:07]} Bg4 {[%clk 0:03:07]} 5. Be2
{[%clk 0:03:08]} e6 {[%clk 0:03:08]} 6. O-O {[%clk 0:03:09]} Be7 {[%clk 0:03:09]}
7. c4 {[%clk 0:03:08]} Nb6 {[%clk 0:03:11]} 8. exd6 {[%clk 0:03:08]} cxd6
{[%clk 0:03:12]} 9. Nc3 {[%clk 0:03:09]} O-O {[%clk 0:03:11]} 10. h3
{[%clk 0:03:07]} Bh5 {[%clk 0:03:12]} 11. Be3 {[%clk 0:02:58]} d5
{[%clk 0:03:05]} 12. b3 {[%clk 0:02:57]} Nc6 {[%clk 0:02:58]} 13. c5
{[%clk 0:02:57]} Nc8 {[%clk 0:02:59]} 14. a3 {[%clk 0:02:56]} Bf6
{[%clk 0:02:51]} 15. Rc1 {[%clk 0:02:50]} Bxf3 {[%clk 0:02:41]} 16. Bxf3
{[%clk 0:02:50]} N8e7 {[%clk 0:02:43]} 17. Bg4 {[%clk 0:02:33]} g6
{[%clk 0:02:43]} 18. b4 {[%clk 0:02:16]} a6 {[%clk 0:02:44]} 19. Ne2
{[%clk 0:02:10]} h5 20. Bf3 Nf5 {[%clk 0:02:46]} 21. Qd2 {[%clk 0:02:07]} Nh4
{[%clk 0:02:44]} 22. Rfd1 {[%clk 0:01:49]} Ne7 {[%clk 0:02:38]} 23. Ng3
{[%clk 0:01:45]} Nxf3+ {[%clk 0:02:37]} 24. gxf3 {[%clk 0:01:47]} h4
{[%clk 0:02:38]} 25. Nf1 {[%clk 0:01:46]} Nf5 {[%clk 0:02:39]} 26. Nh2
{[%clk 0:01:46]} Bg7 {[%clk 0:02:35]} 27. Ng4 {[%clk 0:01:46]} Qd7
{[%clk 0:02:31]} 28. Kg2 {[%clk 0:01:34]} a5 {[%clk 0:02:27]} 29. Rb1
{[%clk 0:01:32]} axb4 {[%clk 0:02:26]} 30. axb4 {[%clk 0:01:16]} Ra4
{[%clk 0:02:28]} 31. Bg5 {[%clk 0:01:12]} Rfa8 {[%clk 0:01:53]} 32. Bf6
{[%clk 0:01:00]} Ra2 {[%clk 0:01:37]} 33. Qg5 {[%clk 0:01:00]} Qc7
{[%clk 0:01:38]} 34. Kg1 {[%clk 0:00:45]} Rxf2 {[%clk 0:01:09]} 35. Kxf2
{[%clk 0:00:30]} Qg3+ {[%clk 0:01:04]} 36. Ke2 {[%clk 0:00:23]} Qg2+
{[%clk 0:01:05]} 37. Nf2 {[%clk 0:00:20]} Ng3+ {[%clk 0:01:02]} 38. Ke3
{[%clk 0:00:13]} Bh6 {[%clk 0:01:04]} 39. Qxh6 {[%clk 0:00:14]} Nf5+
{[%clk 0:01:05]} 40. Ke2 {[%clk 0:00:13]} Nxh6 {[%clk 0:00:58]} 41. Rb2
{[%clk 0:00:10]} Nf5 {[%clk 0:00:58]} 42. b5 {[%clk 0:00:10]} Ra3
{[%clk 0:00:55]} 43. Rd3 {[%clk 0:00:05]} Rxd3 {[%clk 0:00:53]} 0-1

[Event "Blitz Open"]
[Site "?"]
[Date "2018.08.03"]
[Round "6.2"]
[White "Firouzja, Alireza"]
[Black "Mousavi, Seyed Khalil"]
[Result "1-0"]
[BlackElo "2517"]
[WhiteElo "2629"]
[LiveChessVersion "1.4.8"]

1. d4 {[%clk 0:03:03]} Nf6 {[%clk 0:03:03]} 2. c4 g6 3. Nf3 {[%clk 0:03:04]} Bg7
{[%clk 0:03:06]} 4. e3 {[%clk 0:03:05]} O-O {[%clk 0:03:06]} 5. Be2
{[%clk 0:03:07]} d5 {[%clk 0:03:06]} 6. cxd5 {[%clk 0:03:07]} Nxd5
{[%clk 0:03:08]} 7. O-O {[%clk 0:03:06]} Nb6 {[%clk 0:03:05]} 8. Nbd2
{[%clk 0:03:06]} a5 {[%clk 0:03:03]} 9. b3 {[%clk 0:03:03]} a4 {[%clk 0:03:03]}
10. Ba3 {[%clk 0:03:02]} Nc6 {[%clk 0:02:58]} 11. Ne4 {[%clk 0:02:56]} Re8
{[%clk 0:02:56]} 12. Bb5 {[%clk 0:02:52]} Ra5 {[%clk 0:02:42]} 13. Qe2
{[%clk 0:02:46]} Bg4 {[%clk 0:02:43]} 14. b4 {[%clk 0:02:28]} Ra7
{[%clk 0:02:20]} 15. Rad1 {[%clk 0:02:29]} Nd5 {[%clk 0:02:16]} 16. Qc4
{[%clk 0:02:21]} Bxf3 {[%clk 0:01:40]} 17. gxf3 {[%clk 0:02:21]} Nb6
{[%clk 0:01:41]} 18. Qc5 {[%clk 0:02:15]} e6 {[%clk 0:01:23]} 19. Bxc6
{[%clk 0:02:07]} bxc6 {[%clk 0:01:24]} 20. Qxc6 {[%clk 0:02:08]} Nd5
{[%clk 0:01:19]} 21. b5 {[%clk 0:02:07]} Ra8 {[%clk 0:01:13]} 22. Kh1
{[%clk 0:02:02]} Rb8 {[%clk 0:01:15]} 23. Qc4 {[%clk 0:01:55]} Qd7
{[%clk 0:01:14]} 24. Rb1 {[%clk 0:01:55]} e5 {[%clk 0:01:11]} 25. dxe5
{[%clk 0:01:42]} Rxe5 {[%clk 0:00:52]} 26. Ng3 {[%clk 0:01:44]} Nb6
{[%clk 0:00:40]} 27. Qe2 {[%clk 0:01:45]} Rd5 {[%clk 0:00:35]} 28. Rfd1
{[%clk 0:01:31]} Rd8 {[%clk 0:00:36]} 29. Rxd5 {[%clk 0:01:33]} Qxd5
{[%clk 0:00:32]} 30. Rc1 {[%clk 0:01:33]} Rd7 {[%clk 0:00:29]} 31. Bc5
{[%clk 0:01:28]} h5 {[%clk 0:00:31]} 32. Bxb6 {[%clk 0:01:09]} cxb6
{[%clk 0:00:32]} 33. Kg2 {[%clk 0:01:10]} a3 {[%clk 0:00:32]} 34. Ne4
{[%clk 0:01:01]} Bb2 {[%clk 0:00:26]} 35. Rc8+ {[%clk 0:00:56]} Kg7
{[%clk 0:00:27]} 36. Qc4 {[%clk 0:00:23]} Qxc4 {[%clk 0:00:27]} 37. Rxc4
{[%clk 0:00:24]} Rd5 {[%clk 0:00:14]} 38. Nc3 {[%clk 0:00:22]} Rd2
{[%clk 0:00:13]} 39. Na4 {[%clk 0:00:15]} Be5 {[%clk 0:00:13]} 40. Nxb6
{[%clk 0:00:16]} Rxa2 {[%clk 0:00:14]} 41. Ra4 {[%clk 0:00:17]} Ra1
{[%clk 0:00:10]} 42. Nc4 {[%clk 0:00:16]} Bb2 {[%clk 0:00:07]} 43. b6
{[%clk 0:00:16]} Rb1 {[%clk 0:00:04]} 44. Nd2 {[%clk 0:00:08]} Rd1
{[%clk 0:00:04]} 45. b7 {[%clk 0:00:08]} Be5 {[%clk 0:00:05]} 46. Nc4
{[%clk 0:00:09]} Bc7 {[%clk 0:00:04]} 47. Nxa3 {[%clk 0:00:06]} Ra1
{[%clk 0:00:05]} 48. Rc4 {[%clk 0:00:06]} Bb8 {[%clk 0:00:05]} 49. Nb5
{[%clk 0:00:05]} Rb1 {[%clk 0:00:06]} 50. Rc5 {[%clk 0:00:06]} Rb2
{[%clk 0:00:05]} 51. f4 {[%clk 0:00:07]} h4 {[%clk 0:00:05]} 52. h3
{[%clk 0:00:08]} Kh6 {[%clk 0:00:06]} 53. Kf3 {[%clk 0:00:09]} f6
{[%clk 0:00:06]} 54. f5 {[%clk 0:00:08]} gxf5 {[%clk 0:00:06]} 55. Nd4
{[%clk 0:00:05]} Rxb7 {[%clk 0:00:04]} 56. Nxf5+ {[%clk 0:00:07]} Kg6
{[%clk 0:00:03]} 57. Nxh4+ {[%clk 0:00:07]} Kf7 {[%clk 0:00:04]} 58. Nf5 Bc7
{[%clk 0:00:03]} 59. h4 {[%clk 0:00:08]} Bb8 {[%clk 0:00:03]} 60. h5
{[%clk 0:00:09]} Rb1 {[%clk 0:00:04]} 61. Kg2 {[%clk 0:00:09]} Rb4
{[%clk 0:00:05]} 62. f4 {[%clk 0:00:09]} Rb7 {[%clk 0:00:04]} 63. Rc8
{[%clk 0:00:09]} Ke6 {[%clk 0:00:05]} 64. Nd4+ {[%clk 0:00:08]} Kd5
{[%clk 0:00:06]} 65. Kf3 {[%clk 0:00:08]} Ba7 {[%clk 0:00:07]} 66. Nf5
{[%clk 0:00:08]} Ke6 {[%clk 0:00:07]} 67. Kg4 {[%clk 0:00:05]} Rb1
{[%clk 0:00:06]} 68. Re8+ {[%clk 0:00:06]} Kd5 {[%clk 0:00:06]} 69. h6
{[%clk 0:00:07]} Rg1+ {[%clk 0:00:07]} 70. Kh5 {[%clk 0:00:08]} 1-0

[Event "Blitz Open"]
[Site "?"]
[Date "2018.08.03"]
[Round "6.3"]
[White "Pourramezanali, Amirreza"]
[Black "Tabatabaei, M.Amin"]
[Result "0-1"]
[BlackElo "2587"]
[WhiteElo "2449"]
[LiveChessVersion "1.4.8"]

1. d4 {[%clk 0:03:03]} Nf6 {[%clk 0:03:04]} 2. Bf4 {[%clk 0:03:05]} d5
{[%clk 0:02:57]} 3. e3 {[%clk 0:03:04]} c5 {[%clk 0:02:48]} 4. Nf3
{[%clk 0:03:02]} Nc6 {[%clk 0:02:48]} 5. Be2 {[%clk 0:03:04]} cxd4 6. exd4
{[%clk 0:03:05]} Bg4 {[%clk 0:02:45]} 7. c3 {[%clk 0:03:04]} e6 {[%clk 0:02:46]}
8. Nbd2 {[%clk 0:03:05]} Bd6 {[%clk 0:02:47]} 9. Bxd6 Qxd6 {[%clk 0:02:48]} 10.
O-O {[%clk 0:03:02]} O-O 11. Re1 Nd7 {[%clk 0:02:47]} 12. Ne5 {[%clk 0:02:52]}
Bxe2 {[%clk 0:02:39]} 13. Qxe2 {[%clk 0:02:52]} Rab8 {[%clk 0:02:33]} 14. a4
{[%clk 0:02:50]} Ndxe5 {[%clk 0:02:30]} 15. dxe5 Qc7 16. Nf3 {[%clk 0:02:45]} a6
{[%clk 0:02:32]} 17. Qd3 {[%clk 0:02:42]} h6 {[%clk 0:02:28]} 18. Nd4
{[%clk 0:02:07]} Rfc8 {[%clk 0:02:13]} 19. f4 {[%clk 0:02:08]} Nxd4
{[%clk 0:02:08]} 20. Qxd4 {[%clk 0:02:09]} Qc4 {[%clk 0:02:03]} 21. Red1
{[%clk 0:02:02]} b5 {[%clk 0:01:58]} 22. axb5 Rxb5 {[%clk 0:01:58]} 23. Rd2
{[%clk 0:01:39]} Qxd4+ {[%clk 0:01:53]} 24. cxd4 {[%clk 0:01:40]} a5
{[%clk 0:01:54]} 25. Ra4 {[%clk 0:01:33]} Rc1+ {[%clk 0:01:50]} 26. Kf2
{[%clk 0:01:33]} Rb1 {[%clk 0:01:50]} 27. Ra2 {[%clk 0:01:32]} g5
{[%clk 0:01:50]} 28. fxg5 {[%clk 0:01:29]} hxg5 {[%clk 0:01:51]} 29. Ke2
{[%clk 0:01:29]} Kg7 {[%clk 0:01:48]} 30. Kd3 {[%clk 0:01:29]} Kg6
{[%clk 0:01:27]} 31. Kc2 {[%clk 0:01:30]} Rf1 {[%clk 0:01:20]} 32. Ra3
{[%clk 0:01:31]} Kf5 33. Re3 {[%clk 0:01:20]} Kf4 {[%clk 0:01:09]} 34. Ree2
{[%clk 0:01:20]} Rb4 {[%clk 0:01:04]} 35. Rd3 {[%clk 0:01:02]} Rc4+
{[%clk 0:00:49]} 36. Kb3 {[%clk 0:00:38]} a4+ 37. Ka2 g4 {[%clk 0:00:51]} 38. h3
{[%clk 0:00:40]} g3 {[%clk 0:00:38]} 39. Ree3 {[%clk 0:00:41]} Rf2
{[%clk 0:00:39]} 40. Rf3+ {[%clk 0:00:42]} Ke4 {[%clk 0:00:40]} 41. Rfe3+
{[%clk 0:00:32]} Kf4 {[%clk 0:00:41]} 42. Rf3+ {[%clk 0:00:34]} Rxf3
{[%clk 0:00:41]} 43. Rxf3+ Ke4 44. Rxg3 {[%clk 0:00:37]} Rxd4 {[%clk 0:00:31]}
45. Rg4+ {[%clk 0:00:15]} Kxe5 {[%clk 0:00:32]} 46. Rxd4 {[%clk 0:00:17]} Kxd4
47. h4 Ke4 {[%clk 0:00:29]} 48. h5 {[%clk 0:00:13]} d4 {[%clk 0:00:14]} 49. h6 d3
{[%clk 0:00:16]} 50. h7 {[%clk 0:00:10]} d2 {[%clk 0:00:17]} 51. h8=Q
{[%clk 0:00:10]} d1=Q {[%clk 0:00:19]} 52. Qh7+ {[%clk 0:00:05]} f5
{[%clk 0:00:16]} 53. Qh4+ {[%clk 0:00:06]} Qg4 54. Qe1+ {[%clk 0:00:05]} Kd5
{[%clk 0:00:09]} 55. Qa5+ {[%clk 0:00:06]} Kd6 {[%clk 0:00:08]} 56. Qd8+
{[%clk 0:00:07]} Ke5 {[%clk 0:00:08]} 57. Qh8+ {[%clk 0:00:06]} Ke4
{[%clk 0:00:08]} 58. Qa8+ {[%clk 0:00:07]} Ke3 {[%clk 0:00:09]} 59. Qa7+
{[%clk 0:00:07]} Qd4 {[%clk 0:00:07]} 60. Qa6 {[%clk 0:00:04]} Qd5+ 61. Ka1 Qd1+
{[%clk 0:00:03]} 62. Ka2 {[%clk 0:00:08]} Qb3+ 63. Ka1 Kf2 {[%clk 0:00:04]} 64.
Qc6 {[%clk 0:00:09]} Qd1+ {[%clk 0:00:04]} 65. Ka2 {[%clk 0:00:10]} Qd5+
{[%clk 0:00:05]} 66. Qxd5 exd5 {[%clk 0:00:07]} 67. Ka3 {[%clk 0:00:13]} d4 68.
Kxa4 d3 0-1

[Event "Blitz Open"]
[Site "?"]
[Date "2018.08.03"]
[Round "6.4"]
[White "Idani, Pouya"]
[Black "Lorparizangeneh, Shahin"]
[Result "1-0"]
[BlackElo "2487"]
[WhiteElo "2559"]
[LiveChessVersion "1.4.8"]

1. e4 c6 2. d4 {[%clk 0:03:02]} d5 {[%clk 0:03:05]} 3. exd5 cxd5 4. Bf4
{[%clk 0:03:05]} Nc6 5. c3 Bf5 6. Nd2 e6 7. Bb5 {[%clk 0:03:09]} Bd6
{[%clk 0:02:52]} 8. Bxd6 Qxd6 9. Ngf3 Nge7 {[%clk 0:02:52]} 10. O-O
{[%clk 0:03:09]} h6 {[%clk 0:02:52]} 11. Re1 {[%clk 0:03:11]} O-O
{[%clk 0:02:53]} 12. a4 {[%clk 0:03:09]} Qc7 {[%clk 0:02:39]} 13. Nf1
{[%clk 0:03:06]} a6 14. Bd3 Bxd3 15. Qxd3 Nf5 {[%clk 0:01:46]} 16. h3
{[%clk 0:03:05]} Na5 {[%clk 0:01:37]} 17. Ne5 {[%clk 0:03:06]} Rac8
{[%clk 0:01:25]} 18. Nd2 {[%clk 0:03:05]} Nd6 {[%clk 0:01:23]} 19. Qe2
{[%clk 0:02:55]} Nac4 {[%clk 0:01:20]} 20. Ndxc4 {[%clk 0:02:56]} Nxc4
{[%clk 0:01:20]} 21. Nd3 {[%clk 0:02:57]} Nd6 {[%clk 0:01:08]} 22. a5
{[%clk 0:02:41]} Nc4 23. b4 Nd6 {[%clk 0:00:53]} 24. Nc5 {[%clk 0:02:43]} Qc6
{[%clk 0:00:52]} 25. Qf3 {[%clk 0:02:43]} Ne4 {[%clk 0:00:46]} 26. Rac1
{[%clk 0:02:17]} Nxc5 27. bxc5 Qa4 {[%clk 0:00:06]} 28. Ra1 {[%clk 0:02:15]} Qc2
{[%clk 0:00:07]} 29. Re2 {[%clk 0:02:09]} Qg6 {[%clk 0:00:06]} 30. Rb2
{[%clk 0:02:10]} Rc7 {[%clk 0:00:07]} 31. Rab1 {[%clk 0:02:11]} Rb8
{[%clk 0:00:06]} 32. Qf4 {[%clk 0:02:12]} Rcc8 {[%clk 0:00:05]} 33. c6
{[%clk 0:02:08]} Qd3 {[%clk 0:03:02]} 1-0